Zborník prác Výskumného ústavu dopravného č. 52

Enregistré dans:
Détails bibliographiques
Format: Livre
Langue:slovaque
Publié: Praha Nakladatelství dopravy a spojů 1987
Édition:1. vyd.
Tags: Ajouter un tag
Pas de tags, Soyez le premier à ajouter un tag!

MARC

LEADER 00000nam a2200000 4500
001 c034648
005 20221219095624.3
041 0 |a slo 
044 |a CZ 
245 1 0 |a Zborník prác Výskumného ústavu dopravného č. 52 
250 |a 1. vyd. 
264 1 |a Praha  |b Nakladatelství dopravy a spojů  |c 1987 
300 |a 207 s.